Music Quiz

Random Music or Lyrics Quiz

Songs by Text Message Quiz Stats

 Plays Quiz Updated May 18, 2018

Score 0/16 Timer 06:00
9 Plays Today
% Correct
Bohemian Rhapsody (Queen)
93.1%
Every Breath You Take (The Police)
77.5%
All Star (Smash Mouth)
72.7%
Welcome to the Jungle (Guns N' Roses)
70.2%
Livin' on a Prayer (Bon Jovi)
70%
Smells Like Teen Spirit (Nirvana)
69.4%
Hotel California (Eagles)
69.1%
Billie Jean (Michael Jackson)
67.8%
% Correct
Baby Got Back (Sir Mix-a-Lot)
59.9%
Losing My Religion (R.E.M.)
59.8%
Never Gonna Give You Up (Rick Astley)
56.6%
Eleanor Rigby (The Beatles)
46.5%
Zombie (The Cranberries)
42.9%
Give it Away (Red Hot Chili Peppers)
38.2%
Stairway to Heaven (Led Zeppelin)
35.6%
Buddy Holly (Weezer)
34.4%

You're not logged in!

Compare scores with friends on all Sporcle quizzes.
OR
Log In

Sporcle TV

Today on Sporcle TV


Watch our educational content, quiz creation guides, and fun videos on Sporcle TV.

Show Comments

Extras

Top Quizzes Today


Score Distribution

Your Account Isn't Verified!

In order to create a playlist on Sporcle, you need to verify the email address you used during registration. Go to your Sporcle Settings to finish the process.

Report this User

Report this user for behavior that violates our Community Guidelines.

Details: